La fuerza del vértigo
Es un análisis filosófico sobre la cultura y sociedad en Europa, en medio de la problemática de armas nucleares que se vivió en la Guerra fría, además de la búsqueda de la paz y temores europeos que pasaron durante esa época.
Salvato in:
| Autore principale: | |
|---|---|
| Natura: | Libro |
| Lingua: | Undetermined |
| Pubblicazione: |
Barcelona, España
Planeta
1983
|
| Soggetti: | |
| Tags: |
Aggiungi Tag
Nessun Tag, puoi essere il primo ad aggiungerne!!
|
MARC
| LEADER | 00000nam a2200000Ia 4500 | ||
|---|---|---|---|
| 008 | 170316s9999 xx 000 0 und d | ||
| 040 | |a cru BVZT | ||
| 090 | |a 820 G-6f | ||
| 100 | |a Glucksmann, André |9 834 | ||
| 245 | |a La fuerza del vértigo |c / André Glucksmann | ||
| 260 | |a Barcelona, España | ||
| 260 | |b Planeta | ||
| 260 | |c 1983 | ||
| 300 | |a 275 páginas | ||
| 520 | |a Es un análisis filosófico sobre la cultura y sociedad en Europa, en medio de la problemática de armas nucleares que se vivió en la Guerra fría, además de la búsqueda de la paz y temores europeos que pasaron durante esa época. | ||
| 650 | |a LITERATURA INGLESA |9 12 | ||
| 650 | |a ANÁLISIS FILOSÓFICO |9 835 | ||
| 650 | |a CULTURA |9 836 | ||
| 650 | |a SOCIEDAD |9 131 | ||
| 650 | |a GUERRA FRÍA |9 837 | ||
| 999 | |c 6906 |d 6906 | ||
| 942 | |c 15 D |h 820 G-6f |2 z | ||
